| 000 | 00466nam a2200145Ia 4500 | ||
|---|---|---|---|
| 008 | 230917s9999||||xx |||||||||||||| ||und|| | ||
| 040 |
_e220407 _aMAIN |
||
| 041 | _aEnglish | ||
| 082 | _a891.431721 SR23G | ||
| 100 | _aगुप्त, रमेश | ||
| 245 | 0 | _aरतनचन्द्र शर्मा के महाकाव्यों का विकासात्मक अध्ययन | |
| 260 | _c1997 | ||
| 300 | _a108 पृ. p. | ||
| 942 | _cTH | ||
| 999 |
_c89014 _d89014 |
||